George Michael Charting Songs (Billboard Hot 100) - Statistics

General Stats
  • This quiz has been taken 55 times
  • The average score is 11 of 20
Answer Stats
Album Weeks On Peak Artist(s) Song % Correct
Faith 21 Weeks #1 (4 Weeks) George Michael Faith
100%
Make It Big 22 Weeks #1 (3 Weeks) Wham! ft. George Michael Careless Whisper
98%
Listen Without Prejudice Vol. 1 16 Weeks #8 George Michael Freedom
90%
Duets 20 Weeks #1 (1 Week) George Michael / Elton John Don't Let the Sun Go Down on Me
83%
Faith 17 Weeks #1 (2 Weeks) George Michael Father Figure
71%
Faith 20 Weeks #2 George Michael I Want Your Sex
68%
Older 14 Weeks #7 George Michael Jesus to a Child
68%
Older 19 Weeks #8 George Michael Fastlove
63%
Aretha 17 Weeks #1 (2 Weeks) Aretha Franklin & George Michael I Knew You Were Waiting (For Me)
63%
Faith 16 Weeks #1 (2 Weeks) George Michael Monkey
61%
Faith 18 Weeks #1 (3 Weeks) George Michael One More Try
59%
Five Live EP 9 Weeks #30 George Michael & Queen Somebody to Love
59%
Listen Without Prejudice Vol. 1 14 Weeks #1 (1 Week) George Michael Praying For Time
46%
Red Hot + Dance 20 Weeks #10 George Michael Too Funky
44%
Music from the Edge of Heaven 16 Weeks #7 George Michael A Different Corner
41%
Faith 15 Weeks #5 George Michael Kissing a Fool
39%
Five Live EP 7 Weeks #69 George Michael Killer / Papa Was a Rollin' Stone
24%
Listen Without Prejudice Vol. 1 10 Weeks #27 George Michael Waiting For That Day
22%
Listen Without Prejudice Vol. 1 9 Weeks #46 George Michael Mother's Pride
20%
Spell 16 Weeks #5 Deon Estus with George Michael Heaven Help Me
17%
No matching quizzes found
Score Distribution
Percent of People with Each Score
Percentile by Number Answered
Your Score History
You have not taken this quiz